000 00924cam a22002531 4500
001 gs 55000362
003 DLC
005 20260227111403.0
008 780331s1955 ksuabf 001 0 eng
010 _ags 55000362
035 _a(OCoLC)3765796
040 _aDLC
_cAzFU
_dAzFU
_dOCoLC
_dDLC
042 _apremarc
050 0 0 _aQE113
_b.A2 no. 111
100 1 _aSwineford, Ada,
_d1917-
245 1 0 _aPetrography of upper Permian rock in south-central Kansas /
_cby Ada Swineford.
260 _aLawrence :
_bUniversity of Kansas,
_c1955.
300 _a179 p. :
_billus., maps, diagrs, tables ;
_c23 cm.
410 2 0 _aKansas Geological Survey.
_tBulletin ;
_vno. 111
501 _aWith : Geology and ground-water resources of Graham County, Kansas, 1955. Bound together subsequent to publication.
_5DLC
504 _a"References": p. 172-176.
650 0 _aGeology, Stratigraphic
_yPermian.
650 0 _aPetrology
_zKansas.
999 _c29007
_d29007